Cárcel y globalización (Registro nro. 7919)

Detalles MARC
000 -LEADER
fixed length control field 00940 a2200217 4500
001 - CONTROL NUMBER
control field 63017
005 - DATE AND TIME OF LATEST TRANSACTION
control field 20260407155924.0
008 - FIXED-LENGTH DATA ELEMENTS--GENERAL INFORMATION
fixed length control field 260407a2008 arg spa d
003 - CONTROL NUMBER IDENTIFIER
control field AR-UNSa-BCEJYS
040 ## - CATALOGING SOURCE
Original cataloging agency AR-UNSa-BCEJYS
Language of cataloging spa
Transcribing agency AR-UNSa-BCEJYS
080 ## - UNIVERSAL DECIMAL CLASSIFICATION NUMBER
Universal Decimal Classification number 343.8
Common auxiliary subdivision Condena. Ejecución de la sentencia. Cumplimiento de la pena. Prevención del delito (Instituciones penitenciarias)
020 ## - INTERNATIONAL STANDARD BOOK NUMBER
International Standard Book Number 978-950-894-702-4
041 ## - LANGUAGE CODE
Language code of text/sound track or separate title spa
100 1# - MAIN ENTRY--PERSONAL NAME
Personal name Re, Lucía
245 10 - TITLE STATEMENT
Title Cárcel y globalización
Name of part/section of a work El "boom" penitenciario en los Estados Unidos y en Europa
264 #1 - PRODUCTION, PUBLICATION, DISTRIBUTION, MANUFACTURE, AND COPYRIGHT NOTICE
Place of production, publication, distribution, manufacture Buenos Aires :
Name of producer, publisher, distributor, manufacturer AD-HOC
Date of production, publication, distribution, manufacture, or copyright notice 2008
300 ## - PHYSICAL DESCRIPTION
Extent 253 p.
Dimensions 23 cm.
505 ## - FORMATTED CONTENTS NOTE
Formatted contents note 1. La globalización penitenciaria - 2. El encarcelamiento en masa en los Estados Unidos - 3. Las interpretaciones del boom penitenciario - 4. La Europa penal entre pasado y futuro - 5. Políticas penales de la globalización -
590 ## - LOCAL NOTE (RLIN)
Local note niveau_biblio:m niveau_hierar:0
942 ## - ADDED ENTRY ELEMENTS (KOHA)
Koha item type
Existencias
Withdrawn status Lost status Damaged status Not for loan Home library Current library Shelving location Date acquired Total checkouts Full call number Barcode Date last seen Price effective from Koha item type
        Biblioteca Prof. Eusebio Cleto del Rey Biblioteca Prof. Eusebio Cleto del Rey   07/04/2026   343.8 R281 L117739 07/04/2026 07/04/2026 Libro